| 000 | 00475nam a2200181Ia 4500 | ||
|---|---|---|---|
| 003 | OSt | ||
| 005 | 20230606201701.0 | ||
| 008 | 210423s2006 xx 000 0 und d | ||
| 040 | _cAL | ||
| 041 | _aeng | ||
| 082 |
_a302.2 _223 _bADLU |
||
| 100 |
_aADLER (R B). _9120310 |
||
| 245 | _aUnderstanding human communication. | ||
| 260 |
_aNew York _bOxford University Press _c2006 |
||
| 365 |
_b495 _cINR |
||
| 906 | _acommunication. ; human ; Understanding | ||
| 942 |
_2ddc _cBK |
||
| 999 |
_c175912 _d175912 |
||